00524nam a2200181Ia 4500008004100000020001800041082001600059100002700075245002500102250000600127260003400133300001600167500002400183650001500207942000700222952009600229999001700325230524s9999 xx 000 0 und d a9788177000290 a658.45bSHA aParitosh Sharma941978 0aMarketing Management a1 aNew DelhibDhanpati Raic2011 a"XVI,376p;" aQuantity Number: 1 aManagement cBK 00104070aTATCLbTATCLcGENd2023-05-24l0o658.45 SHAp53837r2023-05-24w2023-05-24yBK c56393d56393